Yerel yönetimlere ilişkin yasal düzenlemeler çerçevesinde kadınlara yer açmak (Record no. 6270)

MARC details
000 -BAŞLIK
Sabit Uzunlukta Kontrol Alanı 00923na a2200289 4500
001 - KONTROL NUMARASI
Denetim Alanı 19294
003 - KONTROL NUMARASI IDENTIFIER
Denetim Alanı MIRAKIL
005 - SON İŞLEM TARİHİ VE ZAMANI
Denetim Alanı 20181213155102.0
008 - SABİT-BOY VERİ ELEMANLARI - GENEL BİLGİLER
Sabit Uzunlukta Kontrol Alanı 161213b tu 000 0
020 ## - ULUSLARARASI STANDART KİTAP NUMARASI
Uluslararası Standart Kitap Numarası 9756487054
035 ## - SİSTEM KONTROL NUMARASI
Sistem Kontrol Numarası 19294
040 ## - KATALOGLAMA KAYNAK
Orijinal Kataloglama Ajansı Milas
Kataloglama Dili tur
Metne Dönüştürmek Ajansı TR-AnCHP
041 ## - DİL KODU
Metin / Ses Parça Veya Ayrı Başlığın Dil Kodu tur
082 ## - DEWEY ONLU SINIFLANDIRMA NUMARASI
Sınıflandırma Numarası 352.082
Ürün Numarası T64y 2006
090 ## - SINIFLAMA NUMARASI
Sınıflama Numarası 352.082 T64y 2006
100 ## - ANA GİRİŞ - KİŞİSEL İSİM
Kişisel Ad Tokman, L. Yıldız
245 ## - BAŞLIK TABLOSU
Başlık Yerel yönetimlere ilişkin yasal düzenlemeler çerçevesinde kadınlara yer açmak
Sorumluluk Tablosu, Vb L. Yıldız Tokman, Sema Kendirci
250 ## - EDITION TABLOSU
Baskı Beyanı 2. bs.
260 ## - YAYIN, DAĞITIM, VB
Yayın, Dağıtım, Vb Yeri Ankara
Yayıncı, Dağıtıcı, Vs Adı Ka-Der
Yayın, Dağıtım, Vb Tarihi 2006
300 ## - FİZİKSEL TANIM
Kapsam 75 s.
Boyutlar 28 sm.
490 ## - SERİSİ TABLOSU
Seri Beyanı Yarın İçin Bugünden Kampanyası Eğitim Dizisi
Hacim / Ardışık Tanımı 2
500 ## - GENEL NOT
Genel Not Yapıt çıktı halinde dosya içindedir.
650 ## - KONU KATMA GİRİŞ - TOPİKAL DÖNEM
Topikal Süreli Veya Coğrafi Ad Giriş Elemanı Yerel yönetimler
Genel Alt Bölümü Yasal düzenlemeler
Kronolojik Alt Bölümü Kadınlar
650 ## - KONU KATMA GİRİŞ - TOPİKAL DÖNEM
Topikal Süreli Veya Coğrafi Ad Giriş Elemanı Yerel yönetimler
Genel Alt Bölümü Sosyal katılım
Kronolojik Alt Bölümü Kadınlar
700 ## - KATMA GİRİŞ - KİŞİSEL İSİM
Kişisel Ad Kendirci, Sema
942 ## - EKLENDİ GİRİŞ ELEMANLARI (KOHA)
Sınıflandırma Veya Raf Düzeni Kaynak Dewey Decimal Classification
Koha Öğesi Türü Books
999 ## - SİSTEM KONTROL NUMARALARI (KOHA)
Koha Biblionumber 6270
Koha Biblioitemnumber 6270
Holdings
Kalıcı Konum Mevcut Konum Edinme Tarihi Edinim Kaynak Toplam Check-Out'Lar Tam Çağrı Numarası Barkod Tarih Son Görülme İtibaren Geçerli Fiyatlar Koha Öğesi Türü
CHP Kütüphanesi CHP Kütüphanesi 12/13/2016 Bağış   352.082 T64y 2006 011532 12/13/2016 12/13/2016 Books